Catàleg del Col·legi de Periodistes de Catalunya

La Meva vida en un "clic" / (Registre núm. 7390)

000 -CABECERA
Longitud fija campo de control 00836nam a2200217 i 4500
003 - IDENTIFICADOR DEL NÚMERO DE CONTROL
Identificador del número de control OSt
005 - FECHA Y HORA DE LA ÚLTIMA TRANSACCIÓN
Fecha y hora de la última transacción 20211111105533.0
008 - CÓDIGOS DE INFORMACIÓN DE LONGITUD FIJA
Códigos de información de longitud fija 180124e201712 spc|||| |||| 0|0 0acat|
017 ## - NÚMERO DE COPYRIGHT O DE DEPÓSITO LEGAL
Número de copyright o de depósito legal DL B 26689-2017,
Agencia que asigna el número Biblioteca de Catalunya
020 ## - NÚMERO INTERNACIONAL NORMALIZADO PARA LIBROS
Número Internacional Normalizado para Libros (ISBN) 9788417183141
040 ## - FUENTE DE LA CATALOGACIÓN
Centro catalogador de origen CDMR
Lengua de catalogación cat
Centro transcriptor 0
100 ## - PUNTO DE ACCESO PRINCIPAL-NOMBRE DE PERSONA
Nombre de persona Seguí, Horaci
9 (RLIN) 4690
245 13 - MENCIÓN DE TÍTULO
Título La Meva vida en un "clic" /
Mención de responsabilidad, etc. Horacio Seguí ; pròleg de Josep Lluís Vilaseca ; textos de Toni Vall ; coordinació: Gemma Fàbregas ; imatges: Horacio Seguí
264 #1 - PRODUCCIÓN, PUBLICACIÓN , DISTRIBUCIÓN, FABRICACIÓN Y COPYRIGHT
Lugar de producción, publicación, distribución, fabricación Barcelona :
Nombre del productor, editor, distribuidor, fabricante Editorial Base,
Fecha de de producción, publicación, distribución, fabricación o copyright 2017
300 ## - DESCRIPCIÓN FÍSICA
Extensión 159 pàgines :
Otras características físicas principalment il·lustrat (algunes en color) ;
Dimensiones 23 x 30 cm
600 #0 - PUNTO DE ACCESO ADICIONAL DE MATERIA - NOMBRE DE PERSONA
Nombre de persona Seguí, Horaci
9 (RLIN) 4690
650 #0 - PUNTO DE ACCESO ADICIONAL DE MATERIA - TÉRMINO DE MATERIA
Término de materia o nombre geográfico como elemento inicial Fotògrafs
Subdivisión geográfica Catalunya-
Subdivisión de materia general Biografies
9 (RLIN) 4305
650 #0 - PUNTO DE ACCESO ADICIONAL DE MATERIA - TÉRMINO DE MATERIA
Término de materia o nombre geográfico como elemento inicial Fotoperiodisme
Subdivisión geográfica Catalunya
Subdivisión de materia general Biografies
9 (RLIN) 1270
700 1# - PUNTO DE ACCESO ADICIONAL - NOMBRE DE PERSONA
Nombre de persona Vall, Toni,
942 ## - ENTRADA DE ELEMENTOS AGREGADOS (KOHA)
Fuente de clasificaión o esquema
Koha [por defecto] tipo de item Monografies
Fons
Suprimido Perdido Estropeado No para préstamo Localización permanente Localización actual Fecha adquisición Fuente de adquisición Coste, precio normal de compra Préstamos totales Signatura completa Código de barras Fecha última consulta Fecha del precio de reemplazo Tipo de item de Koha
        Centre de Documentació Montserrat Roig Centre de Documentació Montserrat Roig 2021-11-09 Donació 28.90   Fa 6/17 CDMR21110004 2021-11-09 2021-11-09 Monografies

Implantat amb Koha